Normal view
MARC view
- Kumar, Kartikey
Entry Personal Name
001 - CONTROL NUMBER
- control field: 6738
003 - CONTROL NUMBER IDENTIFIER
- control field: OSt
005 - DATE AND TIME OF LATEST TRANSACTION
- control field: 20180409123703.0
008 - FIXED-LENGTH DATA ELEMENTS
- fixed length control field: 180409|| aca||aabn | a|a d
040 ## - CATALOGING SOURCE
- Original cataloging agency: OSt
- Transcribing agency: OSt
100 ## - HEADING--PERSONAL NAME
- Personal name: Kumar, Kartikey
670 ## - SOURCE DATA FOUND
- Source citation: Work cat.: (OSt): Kumar, Kartikey, Computers in Everyday Life